header

Monitoring Exchange server 2007 with System center operations manager (Record no. 61479)

MARC details
000 -LEADER
fixed length control field 01267nam a2200325Ia 4500
082 04 - DEWEY DECIMAL CLASSIFICATION NUMBER
Classification number 005.7/1376
100 1# - MAIN ENTRY--AUTHOR NAME
Personal name Smith, Michael B.,
245 10 - TITLE STATEMENT
Title Monitoring Exchange server 2007 with System center operations manager
250 ## - EDITION STATEMENT
Edition statement 1st ed.
260 ## - PUBLICATION, DISTRIBUTION, ETC. (IMPRINT)
Place of publication Hoboken, NJ :
Name of publisher Wiley Technology Pub.,
Year of publication 2009.
300 ## - PHYSICAL DESCRIPTION
Number of Pages xxx, 498 p. :
Other physical details ill.
650 #0 - SUBJECT ADDED ENTRY--TOPICAL TERM
Topical Term Client/server computing.
Topical Term Electronic mail systems.
Topical Term Electronic data processing
856 40 - ELECTRONIC LOCATION AND ACCESS
Uniform Resource Identifier http://site.ebrary.com/lib/rucke/Doc?id=10307670

No items available.

© 2026 Rongo University
Contact us: librarian | system librarian | Rongo university